[Event "Krakow op-B"]
[Site "Krakow"]
[Date "2022.06.26"]
[Round "2"]
[White "Stemmler, Fabian"]
[Black "Cwiek, Ryszard"]
[Result "1-0"]
[WhiteElo "2054"]
[BlackElo "1880"]
[PlyCount "125"]
[EventDate "2022.06.25"]
[EventType "swiss"]
[EventRounds "9"]
[EventCountry "POL"]
[SourceTitle "EXT 2023"]
[Source "ChessBase"]
[SourceDate "2022.10.05"]
[SourceVersion "1"]
[SourceVersionDate "2022.10.05"]
[SourceQuality "1"]

1. e4 Nc6 2. d4 e5 3. dxe5 Nxe5 4. Nf3 Nxf3+ 5. Qxf3 Qf6 6. Nc3 Qxf3 7. gxf3 Bb4 8. Bd2 c6 9. Rg1 Ne7 10. Bc4 b5 11. Bb3 Ng6 12. a4 bxa4 13. Rxa4 a5 14. Ne2 Bd6 15. f4 0-0 16. Bc3 Ba6 17. Rxa5 Bxe2 18. Rxa8 Rxa8 19. Kxe2 Bxf4 20. h4 Ne5 21. h5 Re8 22. Ra1 g5 23. Ra7 d5 24. exd5 cxd5 25. Kf1 Rd8 26. h6 Nc6 27. Bf6 Nxa7 28. Bxd8 Nc6 29. Bf6 g4 30. Bxd5 Nb4 31. Be4 Bxh6 32. c3 Na6 33. b4 Bf4 34. Bd4 Bd6 35. Bf5 h5 36. b5 Nc5 37. b6 Kf8 38. Bf6 Be7 39. Be5 Ke8 40. Bc8 Kd8 41. b7 Na6 42. Bf5 Bc5 43. Bd3 f6 44. Bxa6 Ba7 45. b8Q+ Bxb8 46. Bxb8 h4 47. Be2 Kc8 48. Bf4 f5 49. Bd3 h3 50. Bxf5+ Kb7 51. Bxg4 Kc6 52. Bxh3 Kc5 53. Ke2 Kc4 54. Kd2 Kc5 55. Be3+ Kc4 56. Bf1+ Kb3 57. c4 Kb2 58. c5 Ka2 59. c6 Kb3 60. c7 Ka2 61. c8Q Kb1 62. Qc1+ Ka2 63. Bc4# 1-0

[Event "POL-ch U16"]
[Site "Szklarska Poreba"]
[Date "2020.03.13"]
[Round "7"]
[White "Cwiek, Ryszard"]
[Black "Suder, Jakub"]
[Result "0-1"]
[WhiteElo "1843"]
[BlackElo "2085"]
[PlyCount "140"]
[EventDate "2020.03.07"]
[EventType "swiss"]
[EventRounds "8"]
[EventCountry "POL"]
[SourceTitle "CBM 195 Extra"]
[Source "ChessBase"]
[SourceDate "2020.05.31"]
[SourceVersion "1"]
[SourceVersionDate "2020.05.31"]
[SourceQuality "1"]

1. e4 c5 2. Nf3 d6 3. c3 Nf6 4. d3 Nbd7 5. g3 b6 6. Bg2 Bb7 7. Bg5 g6 8. 0-0 Bg7 9. Re1 Qc7 10. Nbd2 0-0 11. Rc1 e5 12. d4 Rae8 13. d5 h6 14. Bxf6 Nxf6 15. Nh4 Bc8 16. Bf3 Qd7 17. a4 Kh7 18. Nc4 h5 19. Ne3 Bh6 20. Ra1 Bg5 21. Nhg2 Qh3 22. Qe2 Kg7 23. Qf1 Ng4 24. Bxg4 hxg4 25. Nh4 Bxh4 26. Qxh3 gxh3 27. gxh4 Rh8 28. Nc4 Rd8 29. b4 Rxh4 30. b5 Rg4+ 31. Kf1 f5 32. f3 Rg2 33. Re2 fxe4 34. Rxg2 hxg2+ 35. Kxg2 exf3+ 36. Kxf3 Kf6 37. a5 Bb7 38. Ke4 Rh8 39. Ne3 Rh4+ 40. Kf3 Bc8 41. axb6 axb6 42. Ra8 Rh3+ 43. Kf2 Bd7 44. Rb8 Rxh2+ 45. Kf3 Rh3+ 46. Kf2 e4 47. Rxb6 Ke5 48. Rb7 Rf3+ 49. Ke2 Rf7 50. Rb8 Rh7 51. Kf2 Rh2+ 52. Kg3 Rh3+ 53. Kf2 Rh2+ 54. Kg3 Re2 55. Nc4+ Kxd5 56. Nb6+ Ke6 57. Nxd7 Kxd7 58. Rb7+ Ke6 59. Rg7 Kd5 60. Rxg6 Re3+ 61. Kf2 Rxc3 62. Rg8 Rb3 63. Rb8 c4 64. b6 Kd4 65. b7 d5 66. Ke2 Rb2+ 67. Kd1 c3 68. Kc1 e3 69. Kd1 Kd3 70. Rd8 Rb1# 0-1

[Event "POL-ch U16"]
[Site "Szklarska Poreba"]
[Date "2020.03.13"]
[Round "8"]
[White "Grzesik, Gracjan"]
[Black "Cwiek, Ryszard"]
[Result "1-0"]
[WhiteElo "2039"]
[BlackElo "1843"]
[PlyCount "127"]
[EventDate "2020.03.07"]
[EventType "swiss"]
[EventRounds "8"]
[EventCountry "POL"]
[SourceTitle "CBM 195 Extra"]
[Source "ChessBase"]
[SourceDate "2020.05.31"]
[SourceVersion "1"]
[SourceVersionDate "2020.05.31"]
[SourceQuality "1"]

1. c4 e5 2. Nc3 Nf6 3. g3 c6 4. d4 exd4 5. Qxd4 d5 6. Bg5 Be7 7. cxd5 cxd5 8. Bg2 Nc6 9. Qa4 Be6 10. e3 h6 11. Bxf6 Bxf6 12. Nge2 0-0 13. 0-0 Qb6 14. Rfd1 Rfd8 15. Qb5 Qxb5 16. Nxb5 Bxb2 17. Rab1 Bf6 18. Nc7 Rab8 19. Nxd5 Bxd5 20. Rxd5 Rxd5 21. Bxd5 Na5 22. Rc1 Rd8 23. e4 Nc6 24. a3 Rc8 25. Rc2 Rc7 26. f4 Bd8 27. Rc4 Na5 28. Rxc7 Bxc7 29. Kf2 b5 30. Nc3 a6 31. Na2 Bb6+ 32. Ke2 Nc4 33. Bxc4 bxc4 34. Kd2 Bd4 35. Nb4 a5 36. Nc6 Bg1 37. h3 Bh2 38. g4 Bxf4+ 39. Kc3 Bc7 40. Kxc4 g6 41. a4 Kg7 42. e5 f5 43. exf6+ Kxf6 44. Kb5 Kg5 45. Nxa5 Kh4 46. Nc4 Kxh3 47. Kc6 Ba5 48. Nxa5 Kxg4 49. Nc4 h5 50. Ne5+ Kf5 51. Nf3 Kf4 52. Ng1 h4 53. a5 g5 54. a6 g4 55. a7 h3 56. Nxh3+ gxh3 57. a8Q Kg3 58. Kd6 Kh2 59. Ke5 Kg1 60. Kf4 h2 61. Kg3 h1N+ 62. Kf3 Nf2 63. Qg8+ Kh1 64. Qg2# 1-0

[Event "Agneaux St Lo U16 op 21th"]
[Site "Agneaux"]
[Date "2019.07.11"]
[Round "7.1"]
[White "Cwiek, Ryszard"]
[Black "Navrotescu, Vlad Andrei"]
[Result "1-0"]
[WhiteElo "1728"]
[BlackElo "1967"]
[PlyCount "67"]
[EventDate "2019.07.06"]
[EventType "swiss"]
[EventRounds "9"]
[EventCountry "FRA"]
[SourceTitle "EXT 2020"]
[Source "ChessBase"]
[SourceDate "2019.10.17"]
[SourceVersion "1"]
[SourceVersionDate "2019.10.17"]
[SourceQuality "1"]

1. e4 g6 2. d4 Bg7 3. f4 d6 4. Nf3 a6 5. a4 Bg4 6. Be2 Nf6 7. Nc3 Nc6 8. 0-0 0-0 9. Be3 Bxf3 10. Bxf3 e5 11. fxe5 dxe5 12. d5 Ne7 13. g4 Kh8 14. Ne2 Nfg8 15. g5 Nc8 16. Ng3 Nd6 17. Qe2 f5 18. gxf6 Bxf6 19. c4 Bg5 20. c5 Nf7 21. Rad1 Bf4 22. Bxf4 exf4 23. Nh1 Ne5 24. Nf2 Qh4 25. Nd3 Nc4 26. Nxf4 Rxf4 27. Qxc4 Raf8 28. Qc3+ Nf6 29. Bg2 Qg5 30. Rxf4 Qxf4 31. Rf1 Qg5 32. e5 Nd7 33. e6+ Nf6 34. e7 1-0

[Event "Agneaux St Lo U16 op 21th"]
[Site "Agneaux"]
[Date "2019.07.09"]
[Round "5.3"]
[White "Grigorchuk, Katerina"]
[Black "Cwiek, Ryszard"]
[Result "0-1"]
[WhiteElo "1651"]
[BlackElo "1728"]
[PlyCount "54"]
[EventDate "2019.07.06"]
[EventType "swiss"]
[EventRounds "9"]
[EventCountry "FRA"]
[SourceTitle "EXT 2020"]
[Source "ChessBase"]
[SourceDate "2019.10.17"]
[SourceVersion "1"]
[SourceVersionDate "2019.10.17"]
[SourceQuality "1"]

1. e4 d6 2. d4 Nf6 3. Nc3 g6 4. f4 Bg7 5. Nf3 Bg4 6. Be2 0-0 7. h3 Bxf3 8. Bxf3 e5 9. d5 Nfd7 10. 0-0 exf4 11. Bxf4 Ne5 12. Bxe5 Bxe5 13. Bg4 Na6 14. Qd2 Nc5 15. Rae1 Qh4 16. Qe3 Rae8 17. b4 Bxc3 18. Qxc3 Nxe4 19. Qxc7 b5 20. Bf3 Nd2 21. Rxe8 Rxe8 22. Qd7 Re7 23. Qc8+ Kg7 24. Rc1 Nxf3+ 25. gxf3 Qg3+ 26. Kh1 Qxf3+ 27. Kg1 Qe3+ 0-1

[Event "EU-ch U12 27th"]
[Site "Mamaia"]
[Date "2017.09.12"]
[Round "7"]
[White "Cwiek, Ryszard"]
[Black "Hoffmann, Yair"]
[Result "1-0"]
[WhiteElo "1711"]
[BlackElo "2010"]
[PlyCount "51"]
[EventDate "2017.09.05"]
[EventType "swiss"]
[EventRounds "9"]
[EventCountry "ROU"]
[SourceTitle "EXT 2018"]
[Source "ChessBase"]
[SourceDate "2017.10.13"]
[SourceVersion "1"]
[SourceVersionDate "2017.10.13"]
[SourceQuality "1"]

1. e4 c6 2. c4 d5 3. exd5 cxd5 4. cxd5 Qxd5 5. Nc3 Qa5 6. Nf3 Nf6 7. Bc4 a6 8. d4 e6 9. 0-0 b5 10. Bb3 Bb7 11. d5 b4 12. dxe6 fxe6 13. Qe2 Be7 14. Qxe6 Bxf3 15. gxf3 bxc3 16. Re1 Qc5 17. Re5 Qc7 18. Bf4 Rf8 19. Ba4+ Kd8 20. Rd5+ Nxd5 21. Bxc7+ Kxc7 22. Qxd5 Ra7 23. bxc3 Rf6 24. Qg8 Rf8 25. Qe6 Kd8 26. Rd1+ 1-0

[Event "EU Union-ch U12 15th"]
[Site "Mureck"]
[Date "2017.08.09"]
[Round "8"]
[White "Stijve, Niels"]
[Black "Cwiek, Ryszard"]
[Result "1-0"]
[WhiteElo "1685"]
[BlackElo "1682"]
[PlyCount "69"]
[EventDate "2017.08.02"]
[EventType "swiss"]
[EventRounds "9"]
[EventCountry "AUT"]
[SourceTitle "CBM 180 Extra"]
[Source "ChessBase"]
[SourceDate "2017.10.06"]
[SourceVersion "1"]
[SourceVersionDate "2017.10.06"]
[SourceQuality "1"]

1. e4 d6 2. d4 Nf6 3. Nc3 g6 4. f4 Bg7 5. Nf3 Bg4 6. h3 Bxf3 7. Qxf3 c6 8. Be3 e5 9. dxe5 dxe5 10. Rd1 Qe7 11. f5 Nbd7 12. Bc4 a5 13. Bb3 b5 14. a3 Nc5 15. Bxc5 Qxc5 16. fxg6 fxg6 17. Qg3 Rf8 18. Rf1 Ke7 19. Qh4 b4 20. axb4 axb4 21. Ne2 Qe3 22. Rf3 Qxe4 23. Qg5 h6 24. Qg3 Nh5 25. Qf2 Nf4 26. Qc5+ Kf6 27. Rxf4+ exf4 28. Rd6+ Ke7 29. Re6+ Kd7 30. Qe7+ Kc8 31. Rxe4 Ra1+ 32. Kf2 Bxb2 33. Be6+ Kb8 34. Rxb4+ Ka8 35. Qb7# 1-0

[Event "EU Union-ch U12 15th"]
[Site "Mureck"]
[Date "2017.08.08"]
[Round "7"]
[White "Kristoferitsch, Daniel"]
[Black "Cwiek, Ryszard"]
[Result "1/2-1/2"]
[WhiteElo "1743"]
[BlackElo "1682"]
[PlyCount "159"]
[EventDate "2017.08.02"]
[EventType "swiss"]
[EventRounds "9"]
[EventCountry "AUT"]
[SourceTitle "CBM 180 Extra"]
[Source "ChessBase"]
[SourceDate "2017.10.06"]
[SourceVersion "1"]
[SourceVersionDate "2017.10.06"]
[SourceQuality "1"]

1. d4 d6 2. c4 e5 3. Nc3 exd4 4. Qxd4 Nc6 5. Qd1 Be7 6. g3 Bf6 7. Qd2 Bxc3 8. Qxc3 Qf6 9. Bd2 Be6 10. Bg2 Bd7 11. Nf3 Qxc3 12. Bxc3 f6 13. b3 Nge7 14. 0-0 d5 15. cxd5 Nxd5 16. Bb2 Be6 17. Nd2 0-0-0 18. Ne4 Rhe8 19. e3 Nb6 20. h3 Bd5 21. Nc5 Bxg2 22. Kxg2 Nb4 23. Rfd1 Rd6 24. a3 Nc6 25. Rxd6 cxd6 26. Nd3 Kd7 27. Rd1 Kc7 28. Nc1 a5 29. Rd2 Ra8 30. a4 Nb4 31. Ne2 Kd7 32. Nd4 Rg8 33. Nb5 d5 34. Bd4 Nc8 35. e4 Ne7 36. Bc5 Rd8 37. Bb6 Rc8 38. Bxa5 Nbc6 39. Bb6 Nb4 40. Be3 Ke6 41. Nd4+ Kf7 42. Kf3 Rc3 43. exd5 Nexd5 44. Ke2 g6 45. Rb2 Nd3 46. Rc2 Rxc2+ 47. Nxc2 Nxe3 48. Kxd3 Nd1 49. Ke2 Nc3+ 50. Kd2 Ne4+ 51. Ke3 f5 52. g4 Ng5 53. h4 Ne4 54. f3 Nd6 55. Kd4 Ke6 56. Ne3 fxg4 57. fxg4 h5 58. gxh5 gxh5 59. Kc5 Nc8 60. a5 Ke5 61. Nd5 Kf5 62. Nb6 Ne7 63. Nc4 Nc6 64. Nd6+ Kg4 65. Nxb7 Nb8 66. Kd4 Kxh4 67. Ke3 Kg3 68. Nd6 Kg4 69. b4 h4 70. Ne4 Kf5 71. b5 Ke5 72. a6 Nd7 73. Nc5 Nb6 74. a7 Kd6 75. Na4 Na8 76. Kf4 Kc7 77. Kg4 Kb7 78. b6 Nxb6 79. Nxb6 Kxa7 80. Kxh4 1/2-1/2

[Event "EU Union-ch U12 15th"]
[Site "Mureck"]
[Date "2017.08.03"]
[Round "2"]
[White "Nemegeer, Arne"]
[Black "Cwiek, Ryszard"]
[Result "0-1"]
[WhiteElo "1470"]
[BlackElo "1682"]
[PlyCount "70"]
[EventDate "2017.08.02"]
[EventType "swiss"]
[EventRounds "9"]
[EventCountry "AUT"]
[SourceTitle "CBM 180 Extra"]
[Source "ChessBase"]
[SourceDate "2017.10.06"]
[SourceVersion "1"]
[SourceVersionDate "2017.10.06"]
[SourceQuality "1"]

1. c4 e5 2. Nc3 Nf6 3. g3 c6 4. Bg2 Bb4 5. d3 d5 6. cxd5 cxd5 7. Bd2 Nc6 8. a3 Ba5 9. b4 Bb6 10. Nf3 Bg4 11. Rc1 h6 12. Na4 Bxf3 13. Bxf3 Nd4 14. Bg2 Qd7 15. 0-0 0-0 16. Kh1 Rfe8 17. e3 Nb5 18. Qb3 Rac8 19. Nxb6 axb6 20. a4 Nc7 21. Bc3 Ra8 22. Ra1 Qf5 23. d4 e4 24. Kg1 Qd7 25. b5 Ne6 26. h4 g5 27. hxg5 hxg5 28. Rfc1 Kg7 29. Qd1 g4 30. Kf1 Rh8 31. Ke2 Ng5 32. Qb3 Rh2 33. Kf1 Rah8 34. Bb4 Qf5 35. Rab1 Rxg2 0-1

[Event "POL-chT U20 2nd League"]
[Site "Szczyrk"]
[Date "2017.07.28"]
[Round "9.15"]
[White "Cwiek, Ryszard"]
[Black "Suder, Jakub"]
[Result "0-1"]
[WhiteElo "1660"]
[BlackElo "1651"]
[PlyCount "138"]
[EventDate "2017.07.22"]
[EventType "team-swiss"]
[EventRounds "11"]
[EventCountry "POL"]
[SourceTitle "EXT 2019"]
[Source "ChessBase"]
[SourceDate "2018.10.10"]
[SourceVersion "1"]
[SourceVersionDate "2018.10.10"]
[SourceQuality "1"]

1. e4 d6 2. d4 Nf6 3. Nc3 e5 4. Nf3 Nbd7 5. Bc4 Be7 6. h3 0-0 7. Be3 c6 8. a4 Qc7 9. 0-0 b6 10. Bd3 Bb7 11. Nh4 g6 12. Nf3 a6 13. Nd2 Nh5 14. dxe5 dxe5 15. Be2 Nf4 16. Nf3 Rad8 17. Bxf4 exf4 18. Bd3 Bf6 19. Qe2 b5 20. Rab1 Bc8 21. Qd2 g5 22. Rfd1 b4 23. Ne2 c5 24. c4 Ne5 25. Nxe5 Qxe5 26. f3 Be6 27. b3 Rd7 28. Qc2 Rfd8 29. Rd2 a5 30. Kh1 Qd6 31. Rbd1 Be5 32. Kg1 Qc7 33. Kf1 Rd6 34. Nc1 Qd7 35. Qb1 Bc3 36. Re2 Bxh3 37. e5 Rg6 38. Na2 Bf5 39. Nc1 Re6 40. Kf2 Bd4+ 41. Kf1 Bc3 42. Kf2 Qd4+ 43. Kf1 Rxe5 44. Rxe5 Qxe5 45. Qc2 Qd4 46. Qe2 Qf6 47. Bxf5 Rxd1+ 48. Qxd1 Qxf5 49. Qd8+ Kg7 50. Nd3 Bd4 51. Ke2 Qe6+ 52. Kf1 h6 53. Qd5 Qxd5 54. cxd5 Kf6 55. Ke1 Ke7 56. Nc1 Kd6 57. Ne2 Kxd5 58. Kd2 c4 59. Nc1 Be3+ 60. Kc2 Bxc1 61. Kxc1 c3 62. Kc2 Kd4 63. g3 fxg3 64. f4 gxf4 65. Kd1 Kd3 66. Kc1 g2 67. Kb1 c2+ 68. Ka1 g1Q+ 69. Ka2 Qb1# 0-1

[Event "POL-chT U20 2nd League"]
[Site "Szczyrk"]
[Date "2017.07.27"]
[Round "8.39"]
[White "Syczewski, Anatolij"]
[Black "Cwiek, Ryszard"]
[Result "0-1"]
[WhiteElo "1314"]
[BlackElo "1660"]
[PlyCount "132"]
[EventDate "2017.07.22"]
[EventType "team-swiss"]
[EventRounds "11"]
[EventCountry "POL"]
[SourceTitle "EXT 2019"]
[Source "ChessBase"]
[SourceDate "2018.10.10"]
[SourceVersion "1"]
[SourceVersionDate "2018.10.10"]
[SourceQuality "1"]

1. e4 d6 2. d4 Nf6 3. Nc3 g6 4. Bg5 Bg7 5. Nf3 Bg4 6. h3 Bxf3 7. Qxf3 c6 8. Bc4 Nbd7 9. 0-0 0-0 10. Rfe1 e5 11. dxe5 Nxe5 12. Qe2 Qb6 13. Rab1 Rfe8 14. Bb3 Qc7 15. a4 h5 16. Bxf6 Bxf6 17. f4 Nd7 18. Qf3 Nc5 19. f5 Kg7 20. Rbd1 Rad8 21. Re2 Rf8 22. Rf1 Nxb3 23. cxb3 Qb6+ 24. Kh1 Qxb3 25. Qd3 Qb4 26. Qc2 Qc5 27. Qb3 Qb6 28. Qa3 Qc5 29. Qb3 b6 30. Ref2 Rde8 31. Qc2 Bxc3 32. bxc3 Qe5 33. f6+ Kh7 34. Rf4 Re6 35. Qd3 b5 36. axb5 cxb5 37. Qe3 Ra8 38. h4 a5 39. Qb6 a4 40. Qc7 Rf8 41. Qa5 Rc8 42. Qa7 Kg8 43. Rf5 Qxc3 44. Rxb5 Qc4 45. Rfb1 Qxe4 46. Rb8 Qxh4+ 47. Kg1 Ree8 48. Qa8 Qd4+ 49. Kh1 Rxb8 50. Rxb8 Rxb8 51. Qxb8+ Kh7 52. Qe8 Qxf6 53. Qxa4 d5 54. Kg1 d4 55. Qd7 Kg7 56. Qd5 Qf4 57. Qc4 Qe3+ 58. Kh2 d3 59. Qc3+ Kh7 60. Qf6 Kg8 61. Qd8+ Kg7 62. Qa5 d2 63. Qa1+ Kh7 64. Qf6 Kg8 65. Qd8+ Kg7 66. Qd7 Qe5+ 0-1

[Event "EU Union-ch U12 14th"]
[Site "Mureck"]
[Date "2016.08.10"]
[Round "8"]
[White "Cwiek, Ryszard"]
[Black "Kralj, Nika"]
[Result "1-0"]
[WhiteElo "1580"]
[BlackElo "1312"]
[PlyCount "93"]
[EventDate "2016.08.03"]
[EventType "swiss"]
[EventRounds "9"]
[EventCountry "AUT"]
[SourceTitle "CBM 174 Extra"]
[Source "ChessBase"]
[SourceDate "2016.10.10"]
[SourceVersion "1"]
[SourceVersionDate "2016.10.10"]
[SourceQuality "1"]

1. e4 g6 2. d4 Bg7 3. Nf3 d6 4. Nc3 Nf6 5. Bf4 c6 6. h3 Nbd7 7. Bc4 0-0 8. Bb3 c5 9. Be3 cxd4 10. Bxd4 Qc7 11. 0-0 Nc5 12. e5 Nxb3 13. axb3 dxe5 14. Bxe5 Qd7 15. Qe2 a6 16. Rad1 Qc6 17. Nd4 Qc5 18. Na4 Qa7 19. c4 b6 20. Qe3 Bd7 21. Bh2 e6 22. Bd6 Rfd8 23. Nf3 b5 24. Nb6 Bc6 25. Nxa8 Qxa8 26. Be7 Rc8 27. Rd2 Ne4 28. Rd3 Qb7 29. Bh4 h6 30. Nd4 bxc4 31. bxc4 Bxd4 32. Rxd4 g5 33. f3 e5 34. Rdd1 gxh4 35. fxe4 Bxe4 36. Qxh6 Qxb2 37. Rf2 Qb3 38. Rd7 Bg6 39. Rfd2 Qb1+ 40. Kh2 Qb8 41. R2d6 e4 42. Qg5 Kg7 43. Qf6+ Kg8 44. Kh1 Qb1+ 45. Rd1 Qb8 46. Rd8+ Kh7 47. Qxh4+ 1-0

[Event "EU Union-ch U12 14th"]
[Site "Mureck"]
[Date "2016.08.08"]
[Round "6"]
[White "Stijve, Niels"]
[Black "Cwiek, Ryszard"]
[Result "0-1"]
[WhiteElo "1624"]
[BlackElo "1580"]
[PlyCount "56"]
[EventDate "2016.08.03"]
[EventType "swiss"]
[EventRounds "9"]
[EventCountry "AUT"]
[SourceTitle "CBM 174 Extra"]
[Source "ChessBase"]
[SourceDate "2016.10.10"]
[SourceVersion "1"]
[SourceVersionDate "2016.10.10"]
[SourceQuality "1"]

1. e4 Nc6 2. d4 e5 3. dxe5 Nxe5 4. Nf3 Ng6 5. Nc3 Nf6 6. Bc4 h6 7. 0-0 d6 8. Re1 Ng4 9. e5 Be7 10. exd6 cxd6 11. Bb5+ Kf8 12. Ne4 a6 13. Bc4 N4e5 14. Bb3 Bg4 15. Ned2 Nh4 16. Bd5 Bg5 17. h3 Bxd2 18. Bxd2 Nexf3+ 19. gxf3 Bxh3 20. Bxb7 Rb8 21. Bc6 Qf6 22. f4 Bg2 23. f3 Qg6 24. Qe2 Bxf3+ 25. Kf2 Qg2+ 26. Ke3 Nf5+ 27. Kd3 Bxe2+ 28. Rxe2 Qxc6 0-1

[Event "EU-ch U10 25th"]
[Site "Porec"]
[Date "2015.09.29"]
[Round "8"]
[White "Vaupot, Luka"]
[Black "Cwiek, Ryszard"]
[Result "0-1"]
[WhiteElo "1114"]
[BlackElo "1370"]
[PlyCount "66"]
[EventDate "2015.09.21"]
[EventType "swiss"]
[EventRounds "9"]
[EventCountry "CRO"]
[SourceTitle "EXT 2016"]
[Source "ChessBase"]
[SourceDate "2015.10.08"]
[SourceVersion "1"]
[SourceVersionDate "2015.10.08"]
[SourceQuality "1"]

1. d4 d5 2. c4 e6 3. Nc3 Nf6 4. Nf3 Nc6 5. Bg5 Be7 6. e3 0-0 7. Bd3 h6 8. Bh4 Nb4 9. Be2 Nc6 10. 0-0 Re8 11. a3 b6 12. Bd3 Na5 13. Qe2 Ba6 14. b4 Nxc4 15. b5 Bb7 16. Bxc4 dxc4 17. Ne5 Nd5 18. Bxe7 Nxc3 19. Qc2 Qxe7 20. Qxc3 Qg5 21. f3 f6 22. Ng4 h5 23. Nf2 Bxf3 24. g3 h4 25. Nh3 Qg4 26. e4 Bxe4 27. Rf4 Qxh3 28. Rxe4 hxg3 29. hxg3 Qf5 30. Rf4 Qxb5 31. Rh4 Qb3 32. Qd2 Qxg3+ 33. Qg2 Qxh4 0-1

[Event "EU Union-ch U10"]
[Site "Kouty nad Desnou"]
[Date "2015.08.24"]
[Round "6"]
[White "Cwiek, Ryszard"]
[Black "Andrijashkin, Deniss"]
[Result "1/2-1/2"]
[WhiteElo "1348"]
[BlackElo "1553"]
[PlyCount "87"]
[EventDate "2015.08.19"]
[EventType "swiss"]
[EventRounds "9"]
[EventCountry "CZE"]
[SourceTitle "EXT 2016"]
[Source "ChessBase"]
[SourceDate "2015.10.08"]
[SourceVersion "1"]
[SourceVersionDate "2015.10.08"]
[SourceQuality "1"]

1. e4 e5 2. Nf3 Nc6 3. Bc4 Nf6 4. Ng5 d5 5. exd5 b5 6. Bxb5 Qxd5 7. Nc3 Qxg2 8. Qf3 Qxf3 9. Nxf3 Bd7 10. Rg1 e4 11. Ng5 Nd4 12. Bxd7+ Nxd7 13. Kd1 f5 14. Nd5 Bd6 15. c3 Nc6 16. Ne6 Kf7 17. Ng5+ Ke8 18. Ne6 Kf7 19. Ng5+ Kg8 20. Ne6 g6 21. d4 exd3 22. Bh6 Bf8 23. Nxf8 Nxf8 24. Bxf8 Kxf8 25. Nxc7 Rb8 26. Rb1 Kf7 27. Rg3 Rbd8 28. f4 Na5 29. b3 Nc6 30. Kd2 Rd7 31. Nb5 Rhd8 32. Re1 h6 33. h4 Rd5 34. c4 R5d7 35. Ree3 a6 36. Nc3 Rd4 37. Nd5 a5 38. Rxd3 Re4 39. Rge3 Rde8 40. Nc7 R8e7 41. Nd5 Re8 42. Nc7 R8e7 43. Nd5 Re8 44. Nc7 1/2-1/2